00291nam a2200121Ia 45000010005000000080041000050820019000461000011000652450028000762600024001049010026001289990015001543219241024s9999 xx 000 0 und d aRD/371.3/ID19p aIDEICE 0aPropuesta estratégica bSanto Domingoc2011 a5/9/2013 2:20:43 p.m. c8848d8848